| 000 | 01101nam a2200277 i 4500 | ||
|---|---|---|---|
| 001 | bg | ||
| 100 | 1 | _aCHEVERTON, Peter | |
| 245 | 1 | 0 |
_aZarządzanie kluczowymi klientami : _bjak uzyskać status głównego dostawcy / _cPeter Cheverton ; [przeł. Ewa Mokrzycka]. |
| 246 |
_iTyt. oryg.: _aKey account management : the route to profitable key supplier status |
||
| 260 |
_aKraków : _b"ABC" : _bOficyna Ekonomiczna. Oddział Polskich Wydawnictw Profesjonalnych, _c2001. |
||
| 300 |
_a322 s. : _bil. ; _c24 cm. |
||
| 490 | 1 | _aPublikacje Biznesowe | |
| 500 | _aTyt. oryg.: "Key account management : the route to profitable key supplier status" 1999. | ||
| 504 | _aBibliogr. - Indeks. | ||
| 650 | 9 | _aMarketing partnerski | |
| 650 | 9 |
_aPrzedsiębiorstwo handlowe _xzarządzanie _xmetody |
|
| 830 | _aPublikacje Biznesowe | ||
| 020 | _a8388597272 | ||
| 040 | _cBPK | ||
| 041 | 1 |
_apl _hen |
|
| 080 | _a658.1/.5.012.4::339.1 | ||
| 920 | _a83-88597-27-2 | ||
| 942 | _cKS | ||
| 008 | s pl f |000 0 pol | ||
| 999 |
_c39959 _d39959 |
||
| 856 |
_uhttp://koha.tu.koszalin.pl/cgi-bin/koha/opac-detail.pl?biblionumber=39959 _yKatalog online BPK |
||